Výročná zpráva Československej banky akciovej spoločnosti v Zahrebe na rok ...

Bibliographic Details
Corporate Author: Československá banka (Záhreb, Chorvátsko)
Format: Serial
Language:Slovak
PhysicalDescription:zv. 29 cm
Published: [Záhreb Československá banka]
Subjects:

MARC

LEADER 00000cas a22000002a 4500
001 vtls001439421
003 SK-MaSNL
005 20260228160656.0
008 020816d192u19uuci uu 0 0b0slo c
035 |a SNK000394569 
040 |a SNK  |b slo  |c SNK  |e AACR2 
041 0 |a slo 
043 |a e-ci--- 
044 |a ci  |c HR 
072 7 |a 336.7  |x Financie  |2 konspekt 
080 |a 336.711  |2 2011 
080 |a (497.521.2)  |2 2011 
080 |a (047.1)  |2 2011 
110 2 |a Československá banka (Záhreb, Chorvátsko)  |9 267108 
245 1 0 |a Výročná zpráva Československej banky akciovej spoločnosti v Zahrebe na rok ... 
260 |a [Záhreb  |b Československá banka] 
300 |a zv.  |c 29 cm 
310 |a Periodicita nie je známa 
500 |a Súčastou názvu je poradové číslo správy a rok 
500 |a Popis podľa: Rok 1936 
650 0 7 |a banky  |2 SNKPH  |9 2103 
651 7 |a Záhreb (Chorvátsko)  |2 SNKPHgeo  |9 30453 
655 7 |a výročné správy  |2 SNKPH  |9 70580 
910 |a snk 
999 |c 3331  |d 5261 
952 |0 0  |1 0  |4 0  |7 0  |a SNK  |b SNK  |d 2002-08-16  |l 0  |o snkČSB 1868/15/1936  |p 17A0350860  |r 2005-01-02 00:00:00  |w 2026-02-21  |y PREZ